Normal view
MARC view
- Social classes
Entry Topical Term
001 - CONTROL NUMBER
- control field: 14887
003 - CONTROL NUMBER IDENTIFIER
- control field: NUST
005 - DATE AND TIME OF LATEST TRANSACTION
- control field: 20190615073225.0
008 - FIXED-LENGTH DATA ELEMENTS
- fixed length control field: 190615|| aca||aabn | a|a d
040 ## - CATALOGING SOURCE
- Original cataloging agency: NUST
- Transcribing agency: NUST
150 ## - HEADING--TOPICAL TERM
- Topical term or geographic name entry element: Social classes
- Geographic subdivision: Pakistan.
670 ## - SOURCE DATA FOUND
- Source citation: Work cat.: (NUST)0: Malik, Muẓaffar Ḥasan. 14886, Nasliyāt-i Pākistān /, 2003.
